Developing Chinese Elementary reading and wrting course Vol 2

Spremljeno u:
Bibliografski detalji
Format: Knjiga
Izdano: China Beijing Language And Culture University Press 2013
Izdanje:2nd edition
Teme:
Oznake: Dodaj oznaku
Bez oznaka, Budi prvi tko označuje ovaj zapis!
Thư viện lưu trữ: Trung tâm Học liệu Lê Vũ Hùng, Trường Đại học Đồng Tháp
LEADER 00912pam a22003498a 4500
001 00035810
005 20171026081025.0
008 161230s2013 ||||||Chisd
020 # # |a 9787561934616  |c 371000 
041 0 # |a Chi 
082 1 4 |a 495.1  |b D207CH 
245 1 0 |b Elementary reading and wrting course  |n Vol 2  |a Developing Chinese 
250 # # |a 2nd edition 
260 # # |a China  |b Beijing Language And Culture University Press  |c 2013 
300 # # |a 89 tr.  |c 28 cm.  |e 1 CD 
653 # # |a Luyện viết 
653 # # |a Tự học 
653 # # |a Tiếng Hoa 
653 # # |a Ngôn ngữ 
653 # # |a Luyện đọc 
852 # # |j KD.0019161  |b Kho đọc 
852 # # |j KD.0019161 
910 # # |d 30/12/2016 
980 # # |a Trung tâm Học liệu Lê Vũ Hùng, Trường Đại học Đồng Tháp